| 000 | 00874nam a22001937a 4500 | ||
|---|---|---|---|
| 005 | 20241218130159.0 | ||
| 010 | _aDEC24SC HIN-128970 | ||
| 020 |
_a9789364688178 _c425.00 |
||
| 035 | _aHN-101316 | ||
| 037 | _bDBAD | ||
| 082 | _a000 | ||
| 100 |
_aकेशरी, अनिल _975367 |
||
| 245 |
_aLucid सामान्य ज्ञान / _cअनिल केशरी |
||
| 250 | _aद्वितीय | ||
| 260 |
_aनई दिल्ली _bएस. चन्द पब्लिशिंग _c2025 |
||
| 270 |
_aA-27, द्वितीय तल, मोहन को-ऑपरेटिव इंडस्ट्रियल एस्टेट _bनई दिल्ली _e110044 _k011-049731800 _minfo@schandpublishing.com |
||
| 300 |
_a458वि. पृ. _c27सेमी (अजिल्द) |
||
| 942 |
_cHN _2ddc _h000 _mकेशरी |
||
| 999 |
_c207801 _d207801 |
||